Normal view
MARC view
- Hong, Wonjoon.
Entry Personal Name
001 - CONTROL NUMBER
- control field: 48781
003 - CONTROL NUMBER IDENTIFIER
- control field: OSt
005 - DATE AND TIME OF LATEST TRANSACTION
- control field: 20230824101528.0
008 - FIXED-LENGTH DATA ELEMENTS
- fixed length control field: 230824|| aca||aabn | a|a d
040 ## - CATALOGING SOURCE
- Original cataloging agency: OSt
- Transcribing agency: OSt
100 ## - HEADING--PERSONAL NAME
- Personal name: Hong, Wonjoon.
- Relator term: author.
670 ## - SOURCE DATA FOUND
- Source citation: Work cat.: (OSt): Hong, Wonjoon. author., A latent profile analysis of undergraduates' achievement motivations and metacognitive behaviors, and their relations to achievement in science /, October 2020.
